Truyện Kiều : Bản nôm cổ nhất - Liễu Văn Đường 1871

Đã lưu trong:
Chi tiết về thư mục
Tác giả chính: Nguyễn Du
Định dạng: Sách
Ngôn ngữ:Vietnamese
Được phát hành: Văn học 2002
Các nhãn: Thêm thẻ
Không có thẻ, Là người đầu tiên thẻ bản ghi này!
Thư viện lưu trữ: Mạng thư viện Đại học Đà Nẵng
LEADER 00700nam a2200253 4500
001 000022113
003 18561
005 20150424140434.0
008 150424s2002 viesd
020 |c 48000 
041 0 |a vie 
082 1 4 |a 895,9212  |b NG-D 
100 1 |a Nguyễn Du 
245 1 0 |a Truyện Kiều : Bản nôm cổ nhất - Liễu Văn Đường 1871  |c Nguyễn Du ; Nguyễn Quảng Tuân phiên âm và khảo đính 
260 |b Văn học  |c 2002 
300 |a tr.  |c cm. 
OWN |a LSP 
999 |a From the UDN01 
TYP |a Monograph 
TYP |a Printed language 
980 |a Mạng thư viện Đại học Đà Nẵng